Khalai Taskheer Awr Quran Kareem (Record no. 765)

MARC details
000 -LEADER
fixed length control field 00663nam a2200241 a 4500
020 ## - INTERNATIONAL STANDARD BOOK NUMBER
ISBN
082 00 - DEWEY DECIMAL CLASSIFICATION NUMBER
Classification number 500.80297
Author Cutter NAQ
100 ## - MAIN ENTRY--AUTHOR NAME
Author name Naqshbandi, Abu Masud
245 ## - TITLE STATEMENT
Title Khalai Taskheer Awr Quran Kareem
260 ## - PUBLICATION, DISTRIBUTION, ETC. (IMPRINT)
Place of publication Multan
Name of publisher Idara Farogh-E-Islam
Year of publication 1967
300 ## - PHYSICAL DESCRIPTION
Number of Pages 248p
500 ## - GENERAL NOTE
General note includes index and biblioraphy
505 2# - FORMATTED CONTENTS NOTE
Formatted contents note united nations conference on trade and development.Feb 1 to march 25 1968.
650 ## - SUBJECT ADDED ENTRY--TOPICAL TERM
Topical Term Quran and Science
942 ## - ADDED ENTRY ELEMENTS (KOHA)
Koha item type Books
700 1# -
-- Naqshbandi, Abu Masud
Holdings
Collection code Home library Current library Date acquired Cost, normal purchase price Full call number Accession Number Koha item type
  Henry Martyn Institute Library Henry Martyn Institute Library 06/11/2007 4.00 500.80297 NAQ 03496 Books
                   Copyright © 2026 | Henry Martyn Institute | Hyderabad | TS-500052 | INDIA | Implemented by hmi.edu.in
Hit-Count:

Powered by Koha